|
|
|
|
| LEADER |
00000nam a2200000 i 4500 |
| 001 |
1/42830 |
| 008 |
960328s1984 eng d |
| 020 |
|
|
|a 0175554366
|
| 035 |
|
|
|l 10025660
|
| 040 |
|
|
|a GR-MY-UA
|b gre
|e aacr
|
| 041 |
0 |
|
|a eng
|
| 082 |
0 |
|
|a 428.24
|
| 100 |
1 |
|
|a Norman, Susan.
|
| 245 |
1 |
4 |
|a The countrybar story 1 :
|b reviewing the situation /
|c Susan Norman, Tony Hufton
|
| 260 |
|
|
|a Walton - on - Thames :
|b Nelson,
|c 1984
|
| 650 |
0 |
0 |
|a English language
|x Study and teaching
|x Foreign speakers.
|
| 700 |
1 |
|
|a Hufton, Tony.
|
| 852 |
|
|
|a INST
|b CHIOS
|e 19960328
|h 428.24 NOR
|p 005200000520
|q 005200000520
|t BK
|y 0
|
| 852 |
|
|
|a INST
|b CHIOS
|e 19960328
|h 428.24 NOR
|p 005200004868
|q 005200004868
|t BK
|y 0
|
| 852 |
|
|
|a INST
|b CHIOS
|e 19960712
|h 428.24 NOR
|p 005200004869
|q 005200004869
|t BK
|y 0
|
| 852 |
|
|
|a INST
|b CHIOS
|e 19960328
|h 428.24 NOR
|p 005200004967
|q 005200004967
|t BK
|y 0
|
| 852 |
|
|
|a INST
|b CHIOS
|e 19960828
|h 428.24 NOR
|p 005200009104
|q 005200009104
|t BK
|y 0
|
| 852 |
|
|
|a INST
|b CHIOS
|e 19960828
|h 428.24 NOR
|p 005200009105
|q 005200009105
|t BK
|y 0
|
| 852 |
|
|
|a INST
|b CHIOS
|e 19960828
|h 428.24 NOR
|p 005200009106
|q 005200009106
|t BK
|y 0
|
| 909 |
|
|
|a Χ
|b 003488
|
| 909 |
|
|
|a Χ
|b 015586
|
| 909 |
|
|
|a Χ
|b 003487
|
| 909 |
|
|
|a Χ
|b 015587
|
| 909 |
|
|
|a Χ
|b 046740
|
| 909 |
|
|
|a Χ
|b 046739
|
| 909 |
|
|
|a Χ
|b 046738
|